00898nam a2200253Ia 450000500170000000800410001702000180005804100080007608200130008424500930009725000180019030000660020865000300027465000590030465000540036370000430041794200120046026400340047233600270050633700330053333800280056604000350059499900150062920220317001907.0170410s2010 m g 000 0 s  a9786073201148 aspa04a547bQ8300aQuímica orgánicabaprende haciendocMónica E. Gutiérrez Franco... [y otros tres] a2a. edición a560 páginas, [4] hojasbgráficos en blanco y negroc27 cm142LEMBaQuímicavManuales142LEMBaQuímica orgánicavProblemas, ejercicios, etc142LEMBaQuímica orgánicaxEnseñanza elemental1 aGutiérrez Franco, Mónica E.978763 2ddccBK aMéxicobPrentice Hallc2010 atextobtxt2rdacontent asin mediaciónbn2rdamedia avolumenbnc2rdacarrier aCO-BoRNBPbspaerdacCO-BoRNBP c8449d8449